Guess the Fusion Rock Song Lyrics #44 - Statistics

General Stats
  • This quiz has been taken 13 times
  • The average score is 164 of 229
Answer Stats
Answer % Correct
heart
100%
a
90%
and
90%
But
90%
for
90%
go
90%
I
90%
in
90%
It
90%
my
90%
never
90%
so
90%
the
90%
You
90%
you
90%
your
90%
All
80%
been
80%
ever
80%
had
80%
I'd
80%
I'm
80%
Im
80%
it's
80%
I've
80%
leave
80%
me
80%
No
80%
of
80%
oh
80%
on
80%
That
80%
though
80%
to
80%
are
70%
dreams
70%
feels
70%
here
70%
know
70%
life
70%
thought
70%
wildest
70%
again
60%
always
60%
gave
60%
got
60%
let
60%
time
60%
wait
60%
Waitin
60%
waitin
60%
will
60%
came
50%
clue
50%
feeling
50%
gonna
50%
harden
50%
Harden
50%
news
50%
Quarterflash
50%
rain
50%
swallow
50%
Swallow
50%
tears
50%
close
40%
Darlin
40%
turn
40%
word
40%
words
40%
corner
30%
disappears
30%
lies
30%
swear
30%
Cryin
20%
Hardent
0%
No matching quizzes found
Score Distribution
Percent of People with Each Score
Percentile by Number Answered
Your Score History
You have not taken this quiz